মায়া / (Record no. 13774)
[ view plain ]
| 000 -LEADER | |
|---|---|
| fixed length control field | 00659nam a2200229 a 4500 |
| 001 - CONTROL NUMBER | |
| JCCL Control Number | 13774 |
| 003 - CONTROL NUMBER IDENTIFIER | |
| JCCL marc code | BD-JhCC |
| 005 - DATE AND TIME OF LATEST TRANSACTION | |
| control field | 20240321140138.0 |
| 008 - FIXED-LENGTH DATA ELEMENTS--GENERAL INFORMATION | |
| fixed length control field | 240321b 2018b |||| ||a| 000 0 b d |
| 020 ## - INTERNATIONAL STANDARD BOOK NUMBER | |
| International Standard Book Number | 9847012007655 |
| 035 ## - SYSTEM CONTROL NUMBER | |
| system control number | (BD-JhCC)13774 |
| 040 ## - CATALOGING SOURCE | |
| Original cataloging agency | BD-JhCC |
| Modifying agency | BD-JhCC |
| 041 ## - LANGUAGE CODE | |
| Language code of Book | ben |
| 082 ## - DEWEY DECIMAL CLASSIFICATION NUMBER | |
| Classification number | 891.443 |
| Author mark and Year | RAH 2018 |
| 100 ## - MAIN ENTRY--PERSONAL NAME | |
| Personal name | রহমান, রেজানুর |
| 245 ## - TITLE STATEMENT | |
| Title | মায়া / |
| Remainder of title | রেজানুর রহমান |
| 260 ## - PUBLICATION, DISTRIBUTION, ETC. (IMPRINT) | |
| Place of publication, distribution, etc | ঢাকা: |
| Name of publisher, distributor, etc | কথাপ্রকাশ; |
| Date of publication, distribution, etc | 2018. |
| 300 ## - PHYSICAL DESCRIPTION | |
| Pagination | 127 p. : |
| Dimensions | 22 cm. |
| 650 ## - SUBJECT ADDED ENTRY--TOPICAL TERM | |
| Topical term or geographic name as entry element | সমকালীন উপন্যাস |
| 942 ## - ADDED ENTRY ELEMENTS (KOHA) | |
| Source of classification or shelving scheme | Dewey Decimal Classification |
| Koha item type | Books |
| Source of classification or shelving scheme | Damaged status | Not for loan | Home library | Current library | Shelving location | Date of accession | Cost, normal purchase price | Total Checkouts | Full call number | Barcode | Date last seen | Date checked out | Copy number | Method of acquisition | Koha item type | Currency | Checked out |
|---|---|---|---|---|---|---|---|---|---|---|---|---|---|---|---|---|---|
| Dewey Decimal Classification | JCC Rouf Library | JCC Rouf Library | General Stacks | 200.00 | 8 | 891.443 RAH 2018 | 18725 | 11/11/2025 | 10/28/2025 | C-1 | Purchase | Books | BDT | ||||
| Dewey Decimal Classification | JCC Rouf Library | JCC Rouf Library | General Stacks | 200.00 | 6 | 891.443 RAH 2018 | 18726 | 10/30/2025 | 10/30/2025 | C-2 | Purchase | Books | BDT | 11/24/2025 |